Catálogo

INTRODUCCION A LA ECONOMIA UN ENFOQUE ESTRUCTURALISTA. (Registro nro. 718)

Detalles MARC
000 -LEADER
fixed length control field 00566nam a2200217 a 4500
001 - CONTROL NUMBER
control field 718
003 - CONTROL NUMBER IDENTIFIER
control field Mx-PuUPA
005 - DATE AND TIME OF LATEST TRANSACTION
control field 20260116101355.0
008 - FIXED-LENGTH DATA ELEMENTS--GENERAL INFORMATION
fixed length control field 140415s1977 mx 000 0 spa d
040 ## - CATALOGING SOURCE
Transcribing agency Mx-PuUPA
041 ## - LANGUAGE CODE
Language code of text/sound track or separate title spa
082 ## - DEWEY DECIMAL CLASSIFICATION NUMBER
Classification number 330.12
Item number BAR
245 00 - TITLE STATEMENT
Title INTRODUCCION A LA ECONOMIA UN ENFOQUE ESTRUCTURALISTA.
250 ## - EDITION STATEMENT
Edition statement 24a ed
260 ## - PUBLICATION, DISTRIBUTION, ETC.
Place of publication, distribution, etc. MEXICO :
Name of publisher, distributor, etc. SIGLO VEINTIUNO,
Date of publication, distribution, etc. 1977.
300 ## - PHYSICAL DESCRIPTION
Extent 164.
650 14 - SUBJECT ADDED ENTRY--TOPICAL TERM
Topical term or geographic name entry element CUESTION MONETARIA
General subdivision ECONOMIA
700 1# - ADDED ENTRY--PERSONAL NAME
Personal name CLAUDIO COLOMBANI
Relator term tr.
700 1# - ADDED ENTRY--PERSONAL NAME
Personal name BARROS DE CASTRO, ANTONIO
Relator term coaut.
942 ## - ADDED ENTRY ELEMENTS (KOHA)
Source of classification or shelving scheme Dewey Decimal Classification
Koha item type Libro
Existencias
Withdrawn status Lost status Source of classification or shelving scheme Damaged status Not for loan Home library Current library Shelving location Date acquired Source of acquisition Inventory number Total Checkouts Full call number Barcode Date last seen Price effective from Koha item type
    Dewey Decimal Classification     Biblioteca Karol Wojtyla Biblioteca Karol Wojtyla   03/12/2013 Compra 151000000000000000046312   330.12 BAR 1560 05/01/2026 03/12/2013 Libro
  Extraviado Dewey Decimal Classification     Biblioteca Karol Wojtyla Biblioteca Karol Wojtyla   03/12/2013 Compra     330.12 BAR 5963   03/12/2013 Libro
  Extraviado Dewey Decimal Classification     Biblioteca Karol Wojtyla Biblioteca Karol Wojtyla   03/12/2013 Compra     330.12 BAR 1097   03/12/2013 Libro